[Event "Titled Tuesday intern op 25th Mar Early"]
[Site "Chess.com INT"]
[Date "2025.03.25"]
[Round "7"]
[White "Kuzuev, Danil"]
[Black "Navoyan, Gagik"]
[Result "1/2-1/2"]
[WhiteElo "2436"]
[BlackElo "2152"]
[PlyCount "137"]
[EventDate "2025.03.25"]
[EventType "swiss (blitz)"]
[EventRounds "11"]
[EventCountry "USA"]
[SourceTitle "CB14_2025"]
[SourceDate "2024.11.01"]
[SourceVersion "1"]
[SourceVersionDate "2024.11.01"]
[SourceQuality "1"]

1. e4 e5 2. Nf3 Nc6 3. Bb5 a6 4. Bxc6 dxc6 5. 0-0 Bg4 6. h3 Bh5 7. d3 f6 8. Be3 Qd7 9. Nbd2 0-0-0 10. Qb1 g5 11. Nh2 g4 12. h4 Bh6 13. Nc4 Bf7 14. Bxh6 Nxh6 15. Qc1 Ng8 16. Ne3 h5 17. Re1 Ne7 18. Nhf1 Ng6 19. Nf5 Be6 20. N1g3 Bxf5 21. Nxf5 Ne7 22. Ng3 Rdf8 23. Qe3 Kb8 24. Rad1 f5 25. exf5 Nxf5 26. Qxe5 Nxh4 27. Qe7 Qd5 28. Qxh4 Qd4 29. Re2 Qxb2 30. Ne4 Qxa2 31. Nc5 Qd5 32. d4 b6 33. Nxa6+ Kb7 34. Nb4 Qc4 35. Nd3 Qxd4 36. Qg3 h4 37. Qe5 Qc4 38. Rb1 Kb8 39. Rxb6+ Kc8 40. Rb4 Qd5 41. Qe6+ Qxe6 42. Rxe6 h3 43. Rf4 Rfg8 44. Re7 g3 45. gxh3 Rxh3 46. fxg3 Rhxg3+ 47. Kf1 Rg1+ 48. Ke2 R8g2+ 49. Rf2 Rg6 50. Rff7 R6g2+ 51. Ke3 Rxc2 52. Rxc7+ Kb8 53. Rb7+ Ka8 54. Rbd7 Rg8 55. Kd4 Rc8 56. Ke5 Re8+ 57. Kd6 Rd2 58. Ra7+ Kb8 59. Rab7+ Kc8 60. Rfc7+ Kd8 61. Rd7+ Kc8 62. Kxc6 Re6+ 63. Kc5 Rxd3 64. Rbc7+ Kb8 65. Rb7+ Ka8 66. Ra7+ Kb8 67. Rab7+ Kc8 68. Rbc7+ Kb8 69. Rb7+ 1/2-1/2

[Event "Titled Tuesday intern op 25th Mar Early"]
[Site "Chess.com INT"]
[Date "2025.03.25"]
[Round "10"]
[White "Kuzuev, Danil"]
[Black "Souleidis, Georgios"]
[Result "1/2-1/2"]
[WhiteElo "2436"]
[BlackElo "2418"]
[PlyCount "132"]
[EventDate "2025.03.25"]
[EventType "swiss (blitz)"]
[EventRounds "11"]
[EventCountry "USA"]
[SourceTitle "CB14_2025"]
[SourceDate "2024.11.01"]
[SourceVersion "1"]
[SourceVersionDate "2024.11.01"]
[SourceQuality "1"]

1. e4 c5 2. b3 b6 3. Bb2 Bb7 4. Nc3 e6 5. Nf3 Nf6 6. e5 Nd5 7. Nxd5 Bxd5 8. Be2 Be7 9. 0-0 0-0 10. d4 cxd4 11. Nxd4 Nc6 12. c4 Nxd4 13. Qxd4 Bc6 14. Rad1 f6 15. Qg4 fxe5 16. Bxe5 Bf6 17. Bd6 Be7 18. f3 Bxd6 19. Rxd6 Qf6 20. Rfd1 Qb2 21. R6d2 Qe5 22. Bd3 Rf4 23. Qh3 g6 24. Qg3 Raf8 25. Re2 Qd4+ 26. Qf2 Qf6 27. Qe3 Bxf3 28. gxf3 Rxf3 29. Qc1 Qd4+ 30. Kh1 Rxd3 31. Rf1 Rxf1+ 32. Qxf1 Rd1 33. Re1 Rxe1 34. Qxe1 e5 35. Qf1 Qe4+ 36. Kg1 Qe3+ 37. Kh1 Qe4+ 38. Kg1 Qf4 39. Qd1 Qd4+ 40. Qxd4 exd4 41. Kf2 Kf7 42. Kf3 g5 43. Ke4 Ke6 44. Kxd4 h5 45. Ke4 d6 46. b4 a6 47. a3 a5 48. Kd4 axb4 49. axb4 g4 50. Ke4 h4 51. Kf4 g3 52. hxg3 hxg3 53. Kxg3 Ke5 54. c5 dxc5 55. bxc5 b5 56. Kf3 b4 57. Ke3 Kd5 58. Kd3 Kxc5 59. Kc2 Kc4 60. Kb2 b3 61. Kb1 Kc3 62. Kc1 Kb4 63. Kb2 Ka4 64. Kb1 Ka3 65. Ka1 b2+ 66. Kb1 Kb3 1/2-1/2

[Event "Titled Tuesday intern op 25th Mar Early"]
[Site "Chess.com INT"]
[Date "2025.03.25"]
[Round "8"]
[White "Laddha, Shubh Jayesh"]
[Black "Kuzuev, Danil"]
[Result "1-0"]
[WhiteElo "2303"]
[BlackElo "2436"]
[PlyCount "55"]
[EventDate "2025.03.25"]
[EventType "swiss (blitz)"]
[EventRounds "11"]
[EventCountry "USA"]
[SourceTitle "CB14_2025"]
[SourceDate "2024.11.01"]
[SourceVersion "1"]
[SourceVersionDate "2024.11.01"]
[SourceQuality "1"]

1. d4 Nf6 2. Nc3 c5 3. d5 d6 4. e4 g6 5. Nf3 Bg7 6. Bb5+ Bd7 7. a4 0-0 8. 0-0 Na6 9. Be2 Nc7 10. Nd2 Rb8 11. a5 b5 12. axb6 axb6 13. f4 b5 14. Bf3 b4 15. Ne2 Nb5 16. Nc4 Qc7 17. Be3 Ng4 18. Bxg4 Bxg4 19. h3 Bd7 20. Qd2 Ra8 21. f5 Rxa1 22. Rxa1 gxf5 23. Bh6 f6 24. Ng3 Nd4 25. Bxg7 Kxg7 26. Nh5+ Kh8 27. Qh6 Qd8 28. Qg7# 1-0

[Event "Titled Tuesday intern op 04th Mar Early"]
[Site "Chess.com INT"]
[Date "2025.03.04"]
[Round "6"]
[White "Kuzuev, Danil"]
[Black "Momunaliev, Ruslan"]
[Result "1-0"]
[WhiteElo "2436"]
[BlackElo "2049"]
[PlyCount "91"]
[EventDate "2025.03.04"]
[EventType "swiss (blitz)"]
[EventRounds "11"]
[EventCountry "USA"]
[SourceTitle "CB11_2025"]
[SourceDate "2025.03.12"]
[SourceVersion "1"]
[SourceVersionDate "2025.03.12"]
[SourceQuality "1"]

1. e4 e6 2. d4 d5 3. exd5 exd5 4. Nf3 Nc6 5. Bb5 Bd6 6. c4 dxc4 7. d5 a6 8. Bxc4 Nce7 9. 0-0 b5 10. Bb3 Nf6 11. Bg5 Bb7 12. Bxf6 gxf6 13. Nc3 0-0 14. Qd2 Kh8 15. Rad1 Ng6 16. Ne4 Be5 17. Rfe1 Re8 18. Nxe5 fxe5 19. d6 Bxe4 20. Rxe4 f5 21. d7 Rf8 22. Ree1 Rf6 23. Qg5 Rd6 24. Qxf5 Qe7 25. Rxd6 cxd6 26. Bd5 Rf8 27. Qe6 Rd8 28. Qxe7 Nxe7 29. Be6 Nc6 30. Rc1 Nd4 31. Bg4 Kg7 32. Rc8 Ne2+ 33. Kf1 Rxd7 34. Bxd7 Nd4 35. Bg4 Kf6 36. Ra8 e4 37. Rxa6 Ke5 38. Be2 d5 39. Rb6 Nf5 40. Rxb5 Nd6 41. a4 Kd4 42. a5 Nf5 43. a6 e3 44. a7 exf2 45. Kxf2 Ne3 46. a8Q 1-0

[Event "Titled Tuesday intern op 04th Mar Early"]
[Site "Chess.com INT"]
[Date "2025.03.04"]
[Round "4"]
[White "Kuzuev, Danil"]
[Black "Postny, Evgeny"]
[Result "0-1"]
[WhiteElo "2436"]
[BlackElo "2538"]
[PlyCount "106"]
[EventDate "2025.03.04"]
[EventType "swiss (blitz)"]
[EventRounds "11"]
[EventCountry "USA"]
[SourceTitle "CB11_2025"]
[SourceDate "2025.03.12"]
[SourceVersion "1"]
[SourceVersionDate "2025.03.12"]
[SourceQuality "1"]

1. e4 c5 2. b3 Nf6 3. e5 Nd5 4. Nf3 e6 5. Bb2 Be7 6. g3 b6 7. Bg2 Bb7 8. 0-0 Nc6 9. c4 Nc7 10. d4 Nxd4 11. Nxd4 Bxg2 12. Kxg2 cxd4 13. Qxd4 Qc8 14. Nc3 Qb7+ 15. Kg1 f5 16. exf6 Bxf6 17. Qe3 0-0 18. Rad1 Rad8 19. Rd2 d5 20. cxd5 exd5 21. Na4 Bxb2 22. Nxb2 Rde8 23. Qd3 Qc6 24. Nd1 Rd8 25. Ne3 d4 26. Qc4+ Qxc4 27. Nxc4 Nb5 28. Rd3 Nc3 29. a4 Rd5 30. Re1 h6 31. Re5 Rfd8 32. Rxd5 Rxd5 33. f4 b5 34. axb5 Rxb5 35. Nd2 Kf7 36. Kf2 Rb4 37. Kf3 Ke6 38. g4 Kd5 39. f5 Rb6 40. h4 Ra6 41. Kf2 Ra2 42. Kg3 Rxd2 43. Rf3 Ke4 44. g5 hxg5 45. hxg5 Rd3 46. Rxd3 Kxd3 47. f6 gxf6 48. g6 Nd5 49. g7 Ne7 50. Kf4 Kc3 51. Ke4 d3 52. b4 d2 53. g8Q Nxg8 0-1

[Event "Titled Tuesday intern op 04th Mar Early"]
[Site "Chess.com INT"]
[Date "2025.03.04"]
[Round "9"]
[White "Maltsevskaya, Aleksandra"]
[Black "Kuzuev, Danil"]
[Result "0-1"]
[WhiteElo "2376"]
[BlackElo "2436"]
[PlyCount "66"]
[EventDate "2025.03.04"]
[EventType "swiss (blitz)"]
[EventRounds "11"]
[EventCountry "USA"]
[SourceTitle "CB11_2025"]
[SourceDate "2025.03.12"]
[SourceVersion "1"]
[SourceVersionDate "2025.03.12"]
[SourceQuality "1"]

1. Nf3 Nf6 2. g3 e6 3. Bg2 b6 4. 0-0 Bb7 5. d3 Be7 6. Nbd2 0-0 7. e4 d6 8. a4 c5 9. a5 Qc7 10. Re1 Nbd7 11. a6 Bc6 12. d4 d5 13. Ne5 Nxe5 14. exd5 Nxd5 15. dxe5 Nb4 16. Ne4 Rad8 17. Qe2 Qxe5 18. Bf4 Qxb2 19. Qh5 g6 20. Qh6 Qg7 21. Qh3 h5 22. Rac1 Nd5 23. Bd2 c4 24. c3 Nf6 25. Nxf6+ Bxf6 26. Bxc6 Rxd2 27. Re3 Rfd8 28. Qf1 R2d3 29. Be4 Rxe3 30. fxe3 Bg5 31. Re1 Qxc3 32. Kg2 Rd2+ 33. Kh3 Qb2 0-1

[Event "Titled Tuesday intern op 25th Feb Early"]
[Site "Chess.com INT"]
[Date "2025.02.25"]
[Round "9"]
[White "Abdurakhmanov, Mukhmmadali"]
[Black "Kuzuev, Danil"]
[Result "1-0"]
[WhiteElo "2396"]
[BlackElo "2436"]
[PlyCount "99"]
[EventDate "2025.02.25"]
[EventType "swiss (blitz)"]
[EventRounds "11"]
[EventCountry "USA"]
[SourceTitle "CB10_2025"]
[SourceDate "2025.03.05"]
[SourceVersion "1"]
[SourceVersionDate "2025.03.05"]
[SourceQuality "1"]

1. a4 e5 2. e4 Nf6 3. d3 d5 4. exd5 Nxd5 5. Nf3 Nc6 6. Be2 Be7 7. 0-0 0-0 8. Re1 f5 9. Bf1 Bf6 10. Nbd2 Re8 11. Nc4 b6 12. a5 b5 13. Ne3 a6 14. g3 Bb7 15. Bg2 Nxe3 16. Bxe3 Qd7 17. Nd2 Rad8 18. Nb3 Be7 19. Nc5 Bxc5 20. Bxc5 Ba8 21. h4 Nd4 22. Bxd4 Qxd4 23. Bxa8 Rxa8 24. b3 Rad8 25. Qf3 g6 26. h5 Qd5 27. Qxd5+ Rxd5 28. hxg6 hxg6 29. f4 Kf7 30. fxe5 Rdxe5 31. Rxe5 Rxe5 32. Kf2 g5 33. d4 Re4 34. Rd1 Ke6 35. c4 Kd6 36. cxb5 axb5 37. b4 Kd5 38. a6 Re8 39. Rc1 Kxd4 40. Rxc7 Ra8 41. a7 f4 42. g4 Kd5 43. Kf3 Kd6 44. Rg7 Kc6 45. Rg6+ Kb7 46. Rxg5 Kxa7 47. Rxb5 Rg8 48. g5 Ka6 49. Rf5 Kb6 50. Kxf4 1-0

[Event "Titled Tuesday intern op 25th Feb Early"]
[Site "Chess.com INT"]
[Date "2025.02.25"]
[Round "6"]
[White "Kuzuev, Danil"]
[Black "Dzhumagaliev, Yan"]
[Result "0-1"]
[WhiteElo "2436"]
[BlackElo "2411"]
[PlyCount "42"]
[EventDate "2025.02.25"]
[EventType "swiss (blitz)"]
[EventRounds "11"]
[EventCountry "USA"]
[SourceTitle "CB10_2025"]
[SourceDate "2025.03.05"]
[SourceVersion "1"]
[SourceVersionDate "2025.03.05"]
[SourceQuality "1"]

1. e4 h5 2. d4 h4 3. Nc3 c6 4. Nf3 d5 5. Bf4 dxe4 6. Nxe4 Qa5+ 7. c3 Qf5 8. Bd3 Qxf4 9. Qe2 Bg4 10. h3 Bh5 11. Kd1 Nf6 12. Kc2 Nxe4 13. Bxe4 Nd7 14. Rhe1 e6 15. Rad1 Rh6 16. Qc4 Bg6 17. Bxg6 Rxg6 18. Qd3 Rxg2 19. Re2 0-0-0 20. Kb1 Nc5 21. Qc4 Qxf3 0-1

[Event "Titled Tuesday intern op 11th Feb Early"]
[Site "Chess.com INT"]
[Date "2025.02.11"]
[Round "4"]
[White "Javakhadze, Zurab"]
[Black "Kuzuev, Danil"]
[Result "0-1"]
[WhiteElo "2412"]
[BlackElo "2436"]
[PlyCount "84"]
[EventDate "2025.02.11"]
[EventType "swiss (blitz)"]
[EventRounds "11"]
[EventCountry "USA"]
[SourceTitle "CB09_2025"]
[SourceDate "2025.02.27"]
[SourceVersion "1"]
[SourceVersionDate "2025.02.27"]
[SourceQuality "1"]

1. e4 c5 2. Nf3 e6 3. c3 d5 4. e5 d4 5. Bd3 Nc6 6. 0-0 Nge7 7. Na3 Ng6 8. Re1 Be7 9. Nc4 b5 10. Nd6+ Bxd6 11. exd6 Qxd6 12. Bxb5 Bb7 13. d3 0-0 14. Ng5 h6 15. Ne4 Qd5 16. Bc4 Qd7 17. Nxc5 Qc7 18. Nxb7 Qxb7 19. Qh5 Kh7 20. Bb3 Rad8 21. Qf3 e5 22. Bd5 Rd6 23. cxd4 exd4 24. b3 Rf6 25. Qe4 Qd7 26. Ba3 Rd8 27. Bc4 Nce5 28. Bc5 Rf4 29. Qe2 Qf5 30. Bxa7 Qg5 31. Kh1 Nh4 32. g3 Nhf3 33. Rg1 Qh5 34. Rg2 Rg4 35. a4 Re8 36. a5 f5 37. a6 Nxc4 38. Qxe8 Qxe8 39. bxc4 Rg6 40. Bc5 Qa8 41. a7 Rc6 42. Bb4 Rc7 0-1

[Event "Titled Tuesday intern op 11th Feb Early"]
[Site "Chess.com INT"]
[Date "2025.02.11"]
[Round "3"]
[White "Kuzuev, Danil"]
[Black "Guzman Lozano, Campo Elias"]
[Result "1-0"]
[WhiteElo "2436"]
[BlackElo "1868"]
[PlyCount "93"]
[EventDate "2025.02.11"]
[EventType "swiss (blitz)"]
[EventRounds "11"]
[EventCountry "USA"]
[SourceTitle "CB09_2025"]
[SourceDate "2025.02.27"]
[SourceVersion "1"]
[SourceVersionDate "2025.02.27"]
[SourceQuality "1"]

1. e4 c5 2. b3 Nf6 3. e5 Nd5 4. Nf3 d6 5. Bb2 Nc6 6. Bb5 e6 7. exd6 Qxd6 8. Na3 Nf4 9. 0-0 Bd7 10. Nc4 Qc7 11. Bxc6 Bxc6 12. Be5 Nh3+ 13. gxh3 Qd7 14. Ne3 f6 15. Bg3 e5 16. Nh4 Qxh3 17. Qg4 Qxg4 18. Nxg4 g5 19. Nf5 Kf7 20. f3 h5 21. Nge3 h4 22. Be1 Rd8 23. d3 Kg6 24. Bxh4 gxh4 25. Kf2 Kf7 26. Rg1 b5 27. Rg4 c4 28. bxc4 bxc4 29. Rxc4 Bd7 30. Rb1 Rh5 31. Rb7 Kg6 32. Nxh4+ Kh6 33. Kg3 Bd6 34. Ng4+ Bxg4 35. fxg4 e4+ 36. Kh3 Rxh4+ 37. Kxh4 Bxh2 38. Rxe4 Be5 39. g5+ Kg6 40. gxf6 Rh8+ 41. Kg4 Bxf6 42. Rxa7 Rh4+ 43. Kg3 Rh1 44. Ra6 Rg1+ 45. Kf2 Rh1 46. Ree6 Rh2+ 47. Kg3 1-0

[Event "Titled Tuesday intern op 11th Feb Early"]
[Site "Chess.com INT"]
[Date "2025.02.11"]
[Round "5"]
[White "Kuzuev, Danil"]
[Black "Sai, Krishna GV"]
[Result "0-1"]
[WhiteElo "2436"]
[BlackElo "2366"]
[PlyCount "92"]
[EventDate "2025.02.11"]
[EventType "swiss (blitz)"]
[EventRounds "11"]
[EventCountry "USA"]
[SourceTitle "CB09_2025"]
[SourceDate "2025.02.27"]
[SourceVersion "1"]
[SourceVersionDate "2025.02.27"]
[SourceQuality "1"]

1. e4 e5 2. Nf3 Nc6 3. Bb5 a5 4. 0-0 Nd4 5. Nxd4 exd4 6. Bc4 c6 7. a3 b5 8. Ba2 Bd6 9. e5 Bc7 10. Qg4 Bxe5 11. Re1 d6 12. Qxg7 Qe7 13. Rxe5 Qxe5 14. Qxf7+ Kd8 15. Kf1 Nh6 16. Qf3 Bg4 17. Qd3 Re8 18. Kg1 Qe1+ 19. Qf1 Qxf1+ 20. Kxf1 Be2+ 21. Kg1 Bd3 22. f3 Re1+ 23. Kf2 Rxc1 24. cxd3 Kd7 25. b4 a4 26. g4 Re8 27. h4 Ree1 28. Kg3 Rg1+ 29. Kf4 Ke7 30. Ke4 Nxg4 31. fxg4 Rxg4+ 32. Kf3 Rxh4 33. Bg8 Rhh1 34. Ra2 Rxb1 35. Ke4 Rh4+ 36. Kf3 Rhh1 37. Ke4 c5 38. bxc5 dxc5 39. Kd5 Rhc1 40. Kc6 b4 41. axb4 cxb4+ 42. Kb5 a3 43. Ka4 Rb2 44. Bd5 Rxa2 45. Bxa2 Rc2 46. Kb3 Rb2+ 0-1

[Event "Titled Tuesday intern op 04th Feb Early"]
[Site "Chess.com INT"]
[Date "2025.02.04"]
[Round "10"]
[White "Badacsonyi, Stanley Ethan Artie"]
[Black "Kuzuev, Danil"]
[Result "0-1"]
[WhiteElo "2307"]
[BlackElo "2436"]
[PlyCount "76"]
[EventDate "2025.02.04"]
[EventType "swiss (blitz)"]
[EventRounds "11"]
[EventCountry "USA"]
[SourceTitle "CB07_2025"]
[SourceDate "2025.02.12"]
[SourceVersion "1"]
[SourceVersionDate "2025.02.12"]
[SourceQuality "1"]

1. d4 Nf6 2. c4 e6 3. Nc3 Bb4 4. e3 b6 5. Nge2 c5 6. a3 Ba5 7. Rb1 Na6 8. Bd2 0-0 9. d5 exd5 10. cxd5 d6 11. e4 Re8 12. f3 Bd7 13. Ng3 Bxc3 14. Bxc3 Nc7 15. Be2 Nb5 16. Bxb5 Bxb5 17. Kf2 Bd7 18. Re1 b5 19. b4 Rc8 20. bxc5 Rxc5 21. Bd4 Rc4 22. Kg1 h5 23. Qd2 h4 24. Nf1 Nh5 25. Bxa7 Qf6 26. Ne3 Ra4 27. Bb6 Nf4 28. Rbd1 Rxa3 29. Bc5 dxc5 30. Qc2 Qg5 31. Kh1 c4 32. Qb2 Rea8 33. Rg1 Rxe3 34. Qb4 Re2 35. Rd2 Ra2 36. Rxa2 Rxa2 37. g3 Ne2 38. Qe7 Qxe7 0-1

[Event "Titled Tuesday intern op 04th Feb Early"]
[Site "Chess.com INT"]
[Date "2025.02.04"]
[Round "8"]
[White "Jakubowski, Krzysztof"]
[Black "Kuzuev, Danil"]
[Result "0-1"]
[WhiteElo "2449"]
[BlackElo "2436"]
[PlyCount "88"]
[EventDate "2025.02.04"]
[EventType "swiss (blitz)"]
[EventRounds "11"]
[EventCountry "USA"]
[SourceTitle "CB07_2025"]
[SourceDate "2025.02.12"]
[SourceVersion "1"]
[SourceVersionDate "2025.02.12"]
[SourceQuality "1"]

1. e4 c5 2. Nf3 e6 3. d4 cxd4 4. Nxd4 a6 5. Nc3 Qc7 6. Bd3 Nc6 7. Be3 Nf6 8. 0-0 Ne5 9. h3 b5 10. a3 Bb7 11. f4 Nc4 12. Bxc4 Qxc4 13. e5 Nd5 14. Nxd5 Qxd5 15. Rf2 Be7 16. Rd2 Qe4 17. Qe2 0-0 18. Nb3 Rac8 19. Rxd7 Rxc2 20. Nd2 Re8 21. Nxe4 Rxe2 22. Rxb7 Rxe3 23. Rd1 Rxe4 24. Rxe7 Kf8 25. Rxe8+ Kxe8 26. g3 Re2 27. Rd6 Rxb2 28. Rxa6 h5 29. h4 g6 30. Ra8+ Ke7 31. Kf1 Kd7 32. Ra7+ Ke8 33. Kg1 Kf8 34. Kf1 Kg7 35. Kg1 Ra2 36. Kf1 b4 37. Rb7 bxa3 38. Ra7 Kf8 39. Kg1 Ke8 40. Kf1 Ra1+ 41. Kf2 Ra2+ 42. Kf3 Ra1 43. Kg2 a2 44. Kf2 Rh1 0-1

[Event "Titled Tuesday intern op 04th Feb Early"]
[Site "Chess.com INT"]
[Date "2025.02.04"]
[Round "9"]
[White "Kuzuev, Danil"]
[Black "Karttunen, Mika"]
[Result "1-0"]
[WhiteElo "2436"]
[BlackElo "2487"]
[PlyCount "103"]
[EventDate "2025.02.04"]
[EventType "swiss (blitz)"]
[EventRounds "11"]
[EventCountry "USA"]
[SourceTitle "CB07_2025"]
[SourceDate "2025.02.12"]
[SourceVersion "1"]
[SourceVersionDate "2025.02.12"]
[SourceQuality "1"]

1. e4 e5 2. Nf3 Nc6 3. Bb5 a6 4. Bxc6 dxc6 5. 0-0 Bg4 6. h3 h5 7. d3 Qf6 8. Be3 Bxf3 9. Qxf3 Qxf3 10. gxf3 f6 11. f4 exf4 12. Bxf4 0-0-0 13. Nd2 Ne7 14. Nc4 h4 15. Be3 b5 16. Na5 Rh5 17. a4 b4 18. Nc4 c5 19. f4 Nc6 20. Kf2 Nd4 21. Bxd4 cxd4 22. Rg1 Kd7 23. Rg4 b3 24. cxb3 Rb8 25. Ke2 Rxb3 26. f5 c5 27. Rf1 Rb4 28. Ra1 Ke8 29. Kd2 Kf7 30. Kc2 Rh8 31. a5 Be7 32. Rag1 Bf8 33. Rg6 Ke8 34. e5 Kf7 35. e6+ Ke7 36. R6g4 Rh5 37. Rf4 Rb8 38. Rgg4 Rd8 39. Rxh4 Rg5 40. Rhg4 Rd5 41. Rxg5 fxg5 42. Rf3 Kf6 43. Nb6 Rd8 44. Nd7+ Ke7 45. Rg3 g6 46. Nxf8 Rxf8 47. fxg6 Kxe6 48. Rxg5 Kf6 49. g7 Rg8 50. h4 Rxg7 51. Rxg7 Kxg7 52. Kb3 1-0

[Event "Titled Tuesday intern op 04th Feb Early"]
[Site "Chess.com INT"]
[Date "2025.02.04"]
[Round "6"]
[White "Matveeva, Olga"]
[Black "Kuzuev, Danil"]
[Result "0-1"]
[WhiteElo "2181"]
[BlackElo "2436"]
[PlyCount "66"]
[EventDate "2025.02.04"]
[EventType "swiss (blitz)"]
[EventRounds "11"]
[EventCountry "USA"]
[SourceTitle "CB07_2025"]
[SourceDate "2025.02.12"]
[SourceVersion "1"]
[SourceVersionDate "2025.02.12"]
[SourceQuality "1"]

1. d4 Nf6 2. c4 e6 3. g3 c5 4. d5 exd5 5. cxd5 d6 6. Nc3 g6 7. Bg2 Bg7 8. Nf3 0-0 9. 0-0 a6 10. a4 Re8 11. Nd2 Nbd7 12. h3 Rb8 13. Nc4 Ne5 14. Na3 Nh5 15. e4 Qe7 16. a5 b5 17. axb6 Rxb6 18. Kh2 Rb4 19. Qe2 f5 20. f4 Nf7 21. Nc4 fxe4 22. Be3 Nf6 23. Na5 Bd7 24. Nc6 Bxc6 25. dxc6 d5 26. Bd2 d4 27. Nxe4 Nxe4 28. Bxb4 cxb4 29. Rfe1 Nfd6 30. Rxa6 h5 31. Qd3 h4 32. g4 Qf7 33. Rf1 Nc5 0-1

[Event "Donskoj"]
[Site "Donskoj"]
[Date "2001.??.??"]
[Round "5"]
[White "Bakutin, Aleksey"]
[Black "Kuzuev, Danil"]
[Result "1/2-1/2"]
[WhiteElo "2277"]
[BlackElo "2341"]
[PlyCount "112"]
[EventDate "2001.??.??"]
[EventType "tourn"]
[EventRounds "11"]
[EventCountry "RUS"]
[EventCategory "4"]
[SourceTitle "EXT 2002"]
[Source "ChessBase"]
[SourceDate "2001.11.25"]
[SourceVersion "1"]
[SourceVersionDate "2001.11.25"]
[SourceQuality "1"]

1. c4 e5 2. Nc3 Bb4 3. Qc2 Nc6 4. Nf3 Nf6 5. a3 Bxc3 6. Qxc3 e4 7. Nd4 Nxd4 8. Qxd4 0-0 9. g3 b6 10. Bg2 c5 11. Qc3 d5 12. d4 cxd4 13. Qxd4 dxc4 14. Qxc4 Be6 15. Qb4 Rc8 16. 0-0 Rc4 17. Qb5 Qc8 18. Bf4 Nd5 19. Rfd1 a6 20. Qb3 Rd8 21. Rxd5 Rxd5 22. Qxb6 Qd8 23. Qxd8+ Rxd8 24. Be5 Rc2 25. Bc3 Rxe2 26. Bf1 Rc2 27. Bxa6 Bg4 28. a4 Rd6 29. Bb7 Rd1+ 30. Rxd1 Bxd1 31. Kf1 Rc1 32. a5 e3 33. Kg2 e2 34. a6 Ra1 35. f4 Bb3 36. Kf2 Bc4 37. b3 Rf1+ 38. Ke3 e1Q+ 39. Bxe1 Rxe1+ 40. Kd4 Bxa6 41. Bxa6 Rb1 42. Bc4 Kf8 43. Kc5 Ke7 44. b4 f6 45. b5 Kd7 46. Bd3 Rb2 47. Bxh7 Rxh2 48. Bf5+ Kc7 49. b6+ Kb8 50. Be4 Rh3 51. g4 Rg3 52. Bf5 Rf3 53. Kd6 Rxf4 54. Ke7 g6 55. Bxg6 Rxg4 56. Kxf6 Kb7 1/2-1/2

[Event "Donskoj"]
[Site "Donskoj"]
[Date "2001.??.??"]
[Round "3"]
[White "Kuzuev, Danil"]
[Black "Brikov, Illarion"]
[Result "1/2-1/2"]
[WhiteElo "2341"]
[BlackElo "2355"]
[PlyCount "36"]
[EventDate "2001.??.??"]
[EventType "tourn"]
[EventRounds "11"]
[EventCountry "RUS"]
[EventCategory "4"]
[SourceTitle "EXT 2002"]
[Source "ChessBase"]
[SourceDate "2001.11.25"]
[SourceVersion "1"]
[SourceVersionDate "2001.11.25"]
[SourceQuality "1"]

1. e4 c5 2. f4 d5 3. exd5 Nf6 4. Nc3 Nxd5 5. Nxd5 Qxd5 6. Qf3 Qxf3 7. Nxf3 Nc6 8. Bb5 Bd7 9. 0-0 e6 10. Bxc6 Bxc6 11. Ne5 Bd5 12. c4 Be4 13. d3 Bg6 14. Be3 Bd6 15. Nxg6 hxg6 16. d4 Rc8 17. Rad1 cxd4 18. Bxd4 Bc5 1/2-1/2

[Event "Donskoj"]
[Site "Donskoj"]
[Date "2001.??.??"]
[Round "8"]
[White "Kuzuev, Danil"]
[Black "Filipov, Ilya"]
[Result "1-0"]
[WhiteElo "2341"]
[BlackElo "2256"]
[PlyCount "75"]
[EventDate "2001.??.??"]
[EventType "tourn"]
[EventRounds "11"]
[EventCountry "RUS"]
[EventCategory "4"]
[SourceTitle "EXT 2002"]
[Source "ChessBase"]
[SourceDate "2001.11.25"]
[SourceVersion "1"]
[SourceVersionDate "2001.11.25"]
[SourceQuality "1"]

1. e4 e5 2. Nf3 Nf6 3. Nxe5 d6 4. Nf3 Nxe4 5. d3 Nf6 6. d4 d5 7. Bd3 Bd6 8. 0-0 0-0 9. Bg5 Bg4 10. Nbd2 Nbd7 11. c4 dxc4 12. Nxc4 Be7 13. Nce5 Nxe5 14. dxe5 Nd7 15. Bf4 Nc5 16. Be2 c6 17. h3 Ne6 18. Bg3 Bf5 19. b3 Qb6 20. Nh4 Be4 21. Bc4 Rad8 22. Qg4 Bd5 23. Nf5 Rde8 24. Bd3 Qd8 25. Rad1 Kh8 26. Ne3 g6 27. Nxd5 cxd5 28. Bb5 Ng7 29. Bxe8 Nxe8 30. Qd4 Ng7 31. Qxd5 Qb6 32. Bf4 Ne6 33. Be3 Qa6 34. a4 b6 35. Qb5 Qc8 36. Qd7 Qxd7 37. Rxd7 Re8 38. Rxa7 1-0

[Event "Urals-ch"]
[Site "Orsk"]
[Date "2001.??.??"]
[Round "3"]
[White "Kuzuev, Danil"]
[Black "Kalegin, Evgenij"]
[Result "1/2-1/2"]
[WhiteElo "2341"]
[BlackElo "2460"]
[PlyCount "65"]
[EventDate "2001.??.??"]
[EventType "swiss"]
[EventRounds "9"]
[EventCountry "RUS"]
[SourceTitle "EXT 2002"]
[Source "ChessBase"]
[SourceDate "2001.11.25"]
[SourceVersion "1"]
[SourceVersionDate "2001.11.25"]
[SourceQuality "1"]

1. e4 c5 2. Nf3 e6 3. b3 b6 4. Bb2 Bb7 5. e5 Nc6 6. Bb5 f5 7. Na3 Nh6 8. Qe2 Nb4 9. c3 Nd5 10. g3 Be7 11. Ba6 Bxa6 12. Qxa6 0-0 13. Qe2 f4 14. Nc2 b5 15. g4 Qb6 16. h3 a5 17. 0-0 Nf7 18. Rab1 Ng5 19. Nxg5 Bxg5 20. f3 a4 21. Kh1 axb3 22. axb3 Ra2 23. Ne1 Bh4 24. Nd3 Qc6 25. Qe4 c4 26. bxc4 bxc4 27. Nb4 Nxb4 28. cxb4 Qd5 29. Bc3 Bd8 30. b5 Bb6 31. Bb4 Rc8 32. Qxf4 Qxb5 33. Qe4 1/2-1/2

[Event "Urals-ch"]
[Site "Orsk"]
[Date "2001.??.??"]
[Round "9"]
[White "Kuzuev, Danil"]
[Black "Pridorozhni, Aleksei"]
[Result "0-1"]
[WhiteElo "2341"]
[BlackElo "2366"]
[PlyCount "98"]
[EventDate "2001.??.??"]
[EventType "swiss"]
[EventRounds "9"]
[EventCountry "RUS"]
[SourceTitle "EXT 2002"]
[Source "ChessBase"]
[SourceDate "2001.11.25"]
[SourceVersion "1"]
[SourceVersionDate "2001.11.25"]
[SourceQuality "1"]

1. e4 c5 2. b3 b6 3. c4 Bb7 4. Nc3 Nc6 5. g3 g6 6. Bg2 Bg7 7. Nge2 e6 8. 0-0 Nge7 9. a3 0-0 10. Rb1 Nd4 11. Bb2 d6 12. d3 Qd7 13. Nxd4 cxd4 14. Ne2 e5 15. b4 f5 16. f3 Kh8 17. Qb3 Rac8 18. a4 a6 19. Ra1 Rc7 20. Bc1 Ng8 21. Bd2 Bh6 22. Qb2 Bg7 23. Nc1 Nf6 24. Nb3 Bc8 25. Rac1 Qf7 26. a5 b5 27. cxb5 axb5 28. Rxc7 Qxc7 29. Ra1 Ba6 30. Rc1 Qd7 31. Rc2 fxe4 32. dxe4 Qf7 33. Bg5 Bb7 34. Nd2 d5 35. Bxf6 Qxf6 36. Rc7 Ba8 37. Qc2 Bh6 38. exd5 Qd6 39. Rc8 Qxb4 40. Rxf8+ Bxf8 41. f4 Qc3 42. Qxc3 dxc3 43. Nb3 exf4 44. gxf4 Bd6 45. a6 Kg7 46. Kf2 Kf6 47. Ke3 b4 48. Be4 Ke7 49. Kd4 Kd8 0-1